000 01147nam a22002657a 4500
999 _c64105
_d64105
005 20240530110715.0
008 180218s2011 jo ak g b 000 0 ara d
017 _a2010/4/1020
_bالمملكة الاردنية الهاشمية. دائرة المكتبة الوطنية
020 _a9789957023836
040 _aEG-CaGPL
_cEG-CaGPL
082 0 4 _221
_a301 /
_bم ت
100 0 _aمحمد عبدالكريم الحورانى
245 1 0 _aتاويل الاستغلال فى نظرية علم الاجتماع :
_bالعناصر التكميلية لنظرية سوسيولوجية فى الاستغلال /
_cمحمد عبدالكريم الحورانى
250 _aط. 1
260 _aعمان :
_bدار مجدلاوى للنشر والتوزيع،
_c2011.
300 _a259 ص. :
_bايض ؛
_c24 سم.
650 0 7 _2qrmak
_aالاجتماع
_xعلم
650 0 7 _2qrmak
_aالضبط الاجتماعى
650 0 7 _2qrmak
_aالانثروبولوجيا
650 0 7 _2qrmak
_aالتغير الاجتماعى
650 0 7 _2qrmak
_aالعلوم الاجتماعية
651 _2qrmak
942 _2ddc
_cBK